Compendio de historia sagrada y antigua de oriente

Gespeichert in:
Bibliographische Detailangaben
1. Verfasser: Carlos Silva
Format: Buch
Erschienen: Santiago Imprenta de Emilio Perez 1902
Katalog:MANES:  Suchergebnis im Bibliothekskatalog
Schulbuchspezifische Eigenschaften:
Tags: Tag hinzufügen
Keine Tags, Fügen Sie den ersten Tag hinzu!
Hinzugefügt zu:29.11.1999
Geändert in:25.04.2025

MARC

LEADER 00000nam a22000007a 4500
005 20250425101438.0
008 spa
040 |a MGM 
100 |9 19161  |a Carlos Silva 
245 |a Compendio de historia sagrada y antigua de oriente 
260 |a Santiago  |b Imprenta de Emilio Perez  |c 1902 
300 |a 236 p.  |c 13 x 18 cm. 
500 |a Regular estado. Ubicación local: T 200 S586c 1902 
546 |a Chile 
561 |5 cl-MGM  |3 T 200 S586c 1902  |a Chile. Museo Gabriela Mistral  |k MANES 
690 |a RyM 
691 |a SE 
942 |2 ddc  |c BK 
999 |c 53334  |d 53334 
999 |c manes:53334  |d 53334